Термическое разложение азида бария и бикарбоната натрия в жидких органических средах; Кинетика и катализ; Т. 8, вып. 4

Bibliografske podrobnosti
Parent link:Кинетика и катализ/ Академия наук СССР (АН СССР), Сибирское отделение (СО).— , 1960-.— 0453-8811
Т. 8, вып. 4.— 1967.— С. 907-908
Glavni avtor: Комаров В. Ф.
Drugi avtorji: Сахаров Е. С., Мельникова В. Г.
Jezik:ruščina
Izdano: 1967
Teme:
Format: MixedMaterials Book Chapter
KOHA link:https://koha.lib.tpu.ru/cgi-bin/koha/opac-detail.pl?biblionumber=470290

MARC

LEADER 00000naa2a2200000 4500
001 470290
005 20241226142853.0
035 |a (RuTPU)RU\TPU\prd\135821 
035 |a RU\TPU\tpu\1458 
090 |a 470290 
100 |a 20120404d1967 k||y0rusy50 ca 
101 0 |a rus 
102 |a RU 
200 1 |a Термическое разложение азида бария и бикарбоната натрия в жидких органических средах  |f В. Ф. Комаров, Е. С. Сахаров, В. Г. Мельникова 
320 |a Библиогр.: 5 назв. 
461 |0 (RuTPU)RU\TPU\prd\215  |x 0453-8811  |t Кинетика и катализ  |f Академия наук СССР (АН СССР), Сибирское отделение (СО)  |d 1960- 
463 |0 (RuTPU)RU\TPU\prd\135820  |t Т. 8, вып. 4  |v С. 907-908  |d 1967 
610 1 |a химические науки 
610 1 |a труды учёных ТПУ 
700 1 |a Комаров  |b В. Ф. 
701 1 |a Сахаров  |b Е. С. 
701 1 |a Мельникова  |b В. Г. 
801 0 |a RU  |b 63413507  |c 20011210  |g PSBO 
801 2 |a RU  |b 63413507  |c 20120404  |g PSBO 
942 |c CR